000
00263nam a22001217a 4500
082
_a
684 GRO'G
100
_a
GRONEMAN, CHRIS H
_9
57535
245
_a
GENERAL WOODWORKING
250
_a
3RD
260
_a
NEWYORK
_b
MCGRAW HILL
_c
1964
300
_a
326P
942
_c
BK
999
_c
567810
_d
567810